Les 15 pays produisant le plus de vin en 2024 - Statistiques

Statistiques générales
  • Ce quiz a été pris 222 fois
  • Le résultat moyen est 11 sur 15
Statistiques - réponses
Rang Pays Production estimée (Mhl) % Correct
3 Espagne 33,6
99%
4 États-Unis 23,6
99%
2 France 36,9
99%
1 Italie 41,0
98%
10 Portugal 6,9
91%
5 Argentine 10,9
84%
9 Allemagne 8,1
82%
15 Brésil 2,7
82%
6 Australie 10,2
78%
7 Chili 9,3
72%
11 Russie 4,7
72%
14 Nouvelle-Zélande 2,8
60%
8 Afrique du Sud 8,8
48%
12 Roumanie 3,7
43%
13 Hongrie 3,0
35%
Aucun quiz correspondant
Distribution des résultats
% des personnes avec chaque résultat
Percentile par nombre de réponses
Votre historique - résultats
Vous n’avez pas pris ce quiz